Writers by their works - literary nonfiction - Statistics

General Stats
  • This quiz has been taken 63 times
  • The average score is 5 of 15
Answer Stats
Hint Answer % Correct
I Know Why the Caged Bird Sings Maya Angelou
87%
In Cold Blood Truman Capote
70%
A Room of One's Own Virginia Woolf
58%
Fear and Loathing in Las Vegas Hunter S Thompson
55%
A Moveable Feast Ernest Hemingway
43%
Night Elie Wiesel
42%
Down and Out in Paris and London George Orwell
36%
Out of Africa Isak Dineson / Karen Blixen
30%
The Year of Magical Thinking Joan Didion
30%
The Glass Castle Jeannette Walls
15%
Consider the Lobster David Foster Wallace
13%
Between the World and Me Ta-Nehisi Coates
13%
Fun Home Alison Bechdel
11%
Good-Bye To All That Robert Graves
9%
Midnight in the Garden of Good and Evil John Berendt
6%
No matching quizzes found
Score Distribution
Percent of People with Each Score
Percentile by Number Answered
Your Score History
You have not taken this quiz